| 000 | 00376nam a22001457a 4500 | ||
|---|---|---|---|
| 020 | _a0071360298 | ||
| 040 | _cNUST | ||
| 082 |
_a684.08 _bAPA |
||
| 100 |
_aThomas G. Williamson, _9125101 |
||
| 110 |
_aP.E. Editor _9125102 |
||
| 245 | _aAPA Engineered Wood Handbook | ||
| 260 |
_aNew York: _bMcGraw Hill, _c2002. |
||
| 650 | _2APA Engineered Wood Handbook | ||
| 942 |
_2ddc _cBK |
||
| 999 |
_c610858 _d610858 |
||